| 000 | 00368 a2200133 4500 | ||
|---|---|---|---|
| 005 | 20250628104221.0 | ||
| 020 | _a0-07-016052-X | ||
| 082 | _a940 5 DIS | ||
| 100 | _aDISCALA, S. M. | ||
| 245 | _aTwentieth Century Europe Politics, Society, Culture. | ||
| 260 |
_aNew York, _bMcGraw Hill, _c2004. |
||
| 300 |
_axliii, 778p.: ill.; picture _bIndex _c28cm |
||
| 942 |
_2ddc _cBKS |
||
| 999 |
_c5964 _d5964 |
||